000 00462nam a2200181Ia 4500
001 14698
005 20260306164933.0
008 260306t2007||||xx |||||||||||||| ||spa||
041 _aESP
082 _a515.63076
_bF49 2007
100 _aFigueroa García, Ricardo
_eAUT
245 0 _aVectores y matrices:
_bcon números complejos
260 _c2007
300 _aviii, 571 páginas :
_c21 cm.
650 _aGEN
654 _aCMA
942 _cLIB
_dJUS
_fJUS
_2ddc
_n
999 _c14698
_d14698